[Event "Grand Slam Final 1st"]
[Site "Bilbao"]
[Date "2008.09.09"]
[Round "7"]
[White "Carlsen, Magnus"]
[Black "Ivanchuk, Vassily"]
[Result "0-1"]
[WhiteElo "2775"]
[BlackElo "2781"]
[Annotator "Krasenkow,M"]
[PlyCount "64"]
[EventDate "2008.09.02"]
[EventType "tourn"]
[EventRounds "10"]
[EventCountry "ESP"]
[EventCategory "21"]
[SourceTitle "CBM 126"]
[Source "ChessBase"]
[SourceDate "2008.10.01"]
[SourceVersion "1"]
[SourceVersionDate "2008.10.01"]
[SourceQuality "1"]

1. d4 Nf6 2. c4 e6 3. Nf3 d5 4. Nc3 Be7 5. Bf4 O-O 6. e3 c5 7. dxc5 Bxc5 8. Qc2
Nc6 9. a3 Qa5 10. O-O-O Be7 11. h4 Rd8 12. Nd2 a6 $6 {[%cal Yb7b5] An
interesting idea but still it appears too slow.} (12... dxc4 {- see CBM 117,
annotations to Topalov-Kramnik.}) 13. Be2 $2 {Too passive. Two other moves
seen in practice are more logical:} (13. Nb3 $5 Qb6 14. c5 Qa7 15. Bc7 {
and Black didn't manage to consolidate his position in the following game:} Rf8
(15... Rd7 $5 16. Bb6 Qb8 {[%cal Ye7d8,Ye6e5]}) 16. Na4 Ne8 17. Bh2 Bd8 18. Bd3
h6 19. g4 e5 20. g5 h5 21. g6 (21. Bh7+ $1 Kh8 22. Bf5 {[%csl Rd5]} Be6 23.
Bxe6 fxe6 24. Qg6 $18) 21... f5 22. Be2 Nf6 23. Rhg1 $6 Be6 24. Rg5 $2 Ng4 {
0-1 Arnold,J (2320)-Ganaus,H (2340)/Austria 2000/EXT 2001 (53)}) (13. g4 $5
dxc4 (13... b5 14. g5 $1 Nh5 $140 15. cxd5) (13... Nxg4 $5 $13) 14. Nxc4 Rxd1+
15. Qxd1 Qd8 16. Qxd8+ Bxd8 17. Bg2 e5 (17... Nxg4 18. Rd1 $1 Bxh4 19. Bxc6
bxc6 20. Nb6) 18. Nxe5 Nxe5 19. Bxe5 Nxg4 20. Bg3 $16 {1-0 Nielsen,P (2625)
-Glud,J (2486)/Silkeborg 2008/CBM 123 Extra (40)}) 13... b5 $1 {[%mdl 128]
Black now seizes the initiative.} 14. cxd5 (14. cxb5 axb5 15. Bxb5 (15. Nxb5 e5
) 15... Bd7 $40) 14... exd5 15. g4 Be6 16. Nb3 Qb6 17. g5 Ne4 18. Nxe4 dxe4 19.
Rxd8+ Nxd8 20. Kb1 Rc8 21. Qd1 Nc6 22. h5 a5 {Black's attack comes first.} 23.
g6 $6 (23. h6 $142 a4 24. Nd4 Rd8 (24... Nxd4 25. Qxd4) 25. hxg7 Nxd4 (25... b4
26. axb4 Qxb4 27. Nxc6 Rxd1+ 28. Bxd1 {may be difficult to win}) 26. exd4 Rxd4
27. Qc1 {keeping chances for counterplay.}) 23... a4 24. Nd2 (24. Nd4 Nxd4 25.
Qxd4 (25. exd4 Bb3) 25... Qc6 26. Qd2 Rd8 27. Qc2 Qd5 $19) 24... b4 {White's
king is helpless.} 25. gxf7+ Bxf7 26. Nc4 Qb7 27. Qxa4 (27. Nd6 Bxd6 28. Qxd6 (
28. Bxd6 Rd8 $19) 28... bxa3 29. Qxa3 Nb4 $19) 27... bxa3 28. Nxa3 Bxa3 29.
Qxa3 Nb4 30. b3 Nd3 31. Bxd3 exd3 32. Rc1 d2 0-1

[Event "FIDE World Cup"]
[Site "Khanty-Mansiysk"]
[Date "2011.09.10"]
[Round "5.2"]
[White "Navara, David"]
[Black "Grischuk, Alexander"]
[Result "1/2-1/2"]
[WhiteElo "2722"]
[BlackElo "2746"]
[Annotator "Krasenkow,M"]
[PlyCount "107"]
[EventDate "2011.08.28"]
[EventType "k.o."]
[EventRounds "7"]
[EventCountry "RUS"]
[SourceTitle "CBM 145"]
[Source "ChessBase"]
[SourceDate "2011.11.11"]
[SourceVersion "1"]
[SourceVersionDate "2011.11.11"]
[SourceQuality "1"]

1. c4 e6 2. Nc3 d5 3. d4 Be7 4. Nf3 Nf6 5. Bf4 O-O 6. Rc1 c5 7. dxc5 Bxc5 8. e3
Nc6 9. a3 a6 (9... d4 {- see Grischuk-Gelfand in CBM 143.}) 10. cxd5 (10. b4 {
is another option.}) 10... exd5 11. Be2 {An absolutely harmless move. Other
possibilities:} (11. Bg5) (11. b4) (11. Bd3 {is probably the most appropriate}
d4 $140 12. Ne2) 11... d4 {A typical equalising break.} (11... Ba7 $5 12. O-O
d4 13. exd4 Bxd4 14. Nxd4 Nxd4 15. Bf3 Re8 16. h3 h6 17. Be3 Nxf3+ 18. Qxf3 Qd3
19. Na4 Bf5 20. Rfd1 Qe4 21. Qxe4 Bxe4 22. Nc5 Bc6 23. Bd4 {1/2 Kallai,G (2495)
-Kovacs,G (2447)/Hungary 2007/EXT 2008}) 12. Na4 (12. exd4 Nxd4 13. Nxd4 Bxd4 (
13... Qxd4 $144 14. Qxd4 Bxd4 15. O-O Bg4 16. Bxg4 Nxg4 17. h3 Nf6 18. Rfd1
Rfd8 $11 {1/2 Julia,E (2387)-Strayer,G (2317)/Dos Hermanas 2004/CBM 099 ext 
(73)}) 14. O-O Be6 15. Bf3 (15. Qd2 Qb6 16. Na4 Qa7 17. Rcd1 Rad8 18. Be3 Bxe3
19. Qxd8 Bb3 $1 20. Qd3 Bxd1 21. Bxd1 Bd4 $15 {0-1 Botvinnik,M (2274)
-Mikhalevski,A (2479)/Tel Aviv 2000/CBM 077 (60)}) 15... Qd7 {1/2 Bodiroga,P 
(2439)-Petronijevic,Z (2387)/Yugoslavia 2000/EXT 2005}) (12. Nb5 axb5 13. Rxc5
b4 (13... dxe3 14. Bxe3 b4 15. O-O bxa3 16. bxa3 Qxd1 17. Rxd1 Rxa3 18. Nd4 Ne4
19. Nxc6 bxc6 20. Rxc6 Nc3 21. Re1 {1/2 Banikas,H (2526)-San Segundo Carrillo,
P (2528)/Leon 2001/CBM 086}) 14. Nxd4 bxa3 15. bxa3 Ne4 16. Rc1 Qa5+ 17. Kf1
Nxd4 18. exd4 Qxa3 19. Qd3 Qe7 20. f3 Nf6 $11 {1-0 Barsov,A (2509)-Gerzhoy,L 
(2485)/Khanty Mansiysk 2010/CBM 139 (78)}) 12... Ba7 13. exd4 Nxd4 14. Nxd4
Qxd4 15. Qxd4 Bxd4 $11 16. O-O Bd7 17. b3 Bb5 $6 {Underestimating the danger.}
(17... Bc6 $1 $11 18. Rfd1 Rad8 19. Bc7 Rd7 20. Bb6 Bxa4 21. Rxd4 Bxb3 22. Rxd7
Nxd7 {In this typical position White has a full compensation for the pawn but
it should be only enough for a draw.}) 18. Rfd1 Bxe2 19. Rxd4 Bb5 (19... Rfe8
$5) 20. Nc3 Bc6 {If Black allows Nc3xb5, White will keep up the pressure as
his bishop will be stronger than Black's knight but now White destroys Black's
pawn structure, and then his knight will be stronger than Black's bishop
despite the fact that the position is quite open!} 21. Bg5 $1 {[%mdl 32]} Rfe8
(21... Nh5 22. Nd5 Bxd5 23. Rxd5 $16 {[%csl Rh5]}) 22. Bxf6 gxf6 23. f3 {
[%csl Rf6,Rf7] Black fails to organise his defence and is gradually outplayed.}
Re5 24. Kf2 Rae8 25. b4 Kg7 26. Rc2 a5 27. Rcd2 Rc8 28. Rd8 Rxd8 29. Rxd8 {
[%mdl 4096]} axb4 30. axb4 f5 31. Ne2 Rb5 32. Rd4 Kf6 33. Nc3 Re5 34. Rh4 Kg7
35. Kg3 Re1 36. Rd4 Rc1 37. Nd1 Kf6 38. Kf4 {[%cal Rd1e3]} Ke7 39. Kxf5 (39.
Ne3 $143 Bd7 {aiming for a rook ending}) 39... Bd7+ 40. Kf4 Be6 41. g4 h6 42.
h4 Rb1 43. Nc3 Rb2 44. h5 Rc2 45. Ne4 Rc6 46. b5 Rc2 47. Rd6 Rb2 48. Rb6 Bd5
49. Ke5 $2 {[%mdl 8192] Overlooking Black's reply and letting the victory slip.
} (49. Nc3 Rb4+ (49... Bc6 50. bxc6 Rxb6 51. Nd5+) 50. Kg3 $18) 49... Bc6 $1
50. g5 {The last attempt} Rxb5+ 51. Rxb5 Bxb5 52. g6 $6 (52. gxh6 $142 {
but after} Kf8 53. Nf6 Be2 54. f4 b5 {White has no way to win.}) (52. Nd6 $145
$5 Be2 $1 (52... Bc6 53. Nf5+ Kf8 54. f4 hxg5 (54... Bf3 55. g6 $18) 55. fxg5
Bf3 56. h6 Kg8 57. Kf6 Bh5 58. Nd6 b6 59. Nxf7 $18) 53. g6 $1 f6+ 54. Kd4 Bd1
$1 (54... Kf8 55. Ke3 Ba6 56. Nf5 b5 57. Nxh6 Bc8 58. Nf7 Kg7 59. Nd6 Bd7 60.
f4 $18) 55. Nf5+ Kf8 56. Ke3 Bc2 57. Nxh6 b5 58. Kd2 Bb1 59. Ng4 Kg7 60. Kc3
Ba2 $11) 52... fxg6 53. hxg6 Bd3 54. Nc5 1/2-1/2

[Event "Amsterdam NH Hotels 5th"]
[Site "Amsterdam"]
[Date "2010.08.14"]
[Round "3"]
[White "Nakamura, Hikaru"]
[Black "Nielsen, Peter Heine"]
[Result "1-0"]
[WhiteElo "2729"]
[BlackElo "2700"]
[Annotator "Krasenkow,M"]
[PlyCount "79"]
[EventDate "2010.08.12"]
[EventType "schev"]
[EventRounds "10"]
[EventCountry "NED"]
[SourceTitle "CBM 138"]
[Source "ChessBase"]
[SourceDate "2010.09.17"]
[SourceVersion "1"]
[SourceVersionDate "2010.09.17"]
[SourceQuality "1"]

1. d4 d5 2. c4 e6 3. Nc3 Be7 4. Nf3 Nf6 5. Bf4 O-O 6. e3 Nbd7 7. c5 Nh5 {
This move lost a lot of its popularity after the famous game Bareev - Vaganian
(2000) but now has almost regained it.} 8. Bd3 Nxf4 9. exf4 b6 10. b4 a5 11. a3
c6 12. O-O Qc7 {More flexible than the immediate} (12... Ba6 {, which is,
however, not bad either as the following examples show:} 13. Bxa6 (13. Re1 Bxd3
14. Qxd3 g6 15. g3 Qc7 16. h4 Ra7 17. Rab1 axb4 18. axb4 Rfa8 19. h5 Ra3 20.
hxg6 hxg6 21. Qc2 Kg7 22. Kg2 Bf6 $11 {1/2 Brodsky,M (2564)-Konopka,M (2489)/
Germany 2005/EXT 2007 (40)}) (13. g3 Bxd3 14. Qxd3 b5 15. h4 Re8 16. Kg2 Qc7
17. Rfb1 Bf8 18. Ng5 Nf6 19. Nd1 h6 20. Nf3 axb4 21. axb4 Nd7 22. Ne3 Qb7 $11 {
1/2 Vasiukov,E (2490)-Barua,D (2455)/Coimbatore 1987/EXT 1997 (61)}) (13. Ne5
Nxe5 14. fxe5 Bxd3 15. Qxd3 axb4 16. axb4 bxc5 17. bxc5 f6 18. Qh3 f5 19. Na4
Qa5 20. Qc3 Rfb8 21. Qxa5 Rxa5 22. Nb6 Rb5 23. Rfb1 {1/2 Edouard,R (2597)
-Mirzoev,A (2559)/Pamplona 2009/CBM 131 Extra}) 13... Rxa6 14. Qd3 Qa8 15. b5
Ra7 16. cxb6 Nxb6 17. Ne5 cxb5 18. Nxb5 Rb7 19. Rfc1 Nc4 20. a4 Nd6 21. Nc6 Nc4
22. f5 Bf6 23. fxe6 fxe6 24. Rxc4 dxc4 25. Qxc4 Rb6 $13 {1/2 Akobian,V (2533)
-Ambartsoumian,A (2424)/Los Angeles 2003/CBM 097 (37)}) 13. g3 (13. Qc2 g6 14.
g3 Bb7 (14... Ba6 $142) 15. h4 axb4 16. axb4 Rxa1 17. Rxa1 Ra8 18. Rxa8+ Bxa8
19. h5 Kg7 20. Qa2 Qb8 21. Ne5 Nxe5 22. fxe5 bxc5 23. bxc5 Bb7 24. Ne2 Bc8 25.
Qa3 Bd7 26. Kg2 Be8 27. Nf4 $14 {1-0 Melkumyan,H (2519)-Delgado Ramirez,N 
(2550)/ICC INT 2009/CBM 129 Extra (58)}) (13. Qd2 Ba6 14. Ne1 Bf6 15. Bxa6 Rxa6
16. Nc2 Rfa8 17. Rab1 axb4 18. axb4 R6a7 19. g3 g6 20. Qd3 Rb7 $11 {1-0 Gupta,
A (2578)-Sengupta,D (2488)/Mumbai 2009/CBM 133 Extra (36)}) 13... Ba6 $1 {
The typical bishop exchange. Black can't equalise without it:} (13... axb4 14.
axb4 Rxa1 15. Qxa1 Bb7 16. Qb2 Ra8 17. Ra1 Rxa1+ 18. Qxa1 g6 19. Ne5 Bf8 20.
Bf1 bxc5 21. bxc5 f6 22. Nxd7 Qxd7 23. Na4 Qe7 24. Nb6 Kf7 25. Qa7 h6 26. Be2
Bg7 27. Ba6 $16 {1-0 Deforel,J (2375)-Lopez Ruiz,R (2435)/ICCF Email 2005/ICCF
CBM 126 (41)}) (13... Bb7 14. Re1 Rfe8 15. Qc2 g6 16. h4 Ba6 $1 17. Bxa6 Rxa6
18. Rab1 axb4 19. axb4 b5 20. Kg2 Kg7 21. h5 Bf6 22. Rh1 Raa8 23. Qd2 $14 {
1/2 Shchekachev,A (2561)-Feller,S (2424)/Bethune 2006/CBM 116 ext (63)}) 14.
Re1 (14. Bxa6 Rxa6 15. Qe2 Rfa8 (15... Ra7 16. Rab1 axb4 17. axb4 Bf6 18. Rb3 {
1/2 Rychagov,A (2538)-Bakre,T (2509)/Kavala GRE 2010/The Week in Chess 822})
16. b5 cxb5 17. Nxd5 (17. c6 Qxc6 18. Nxb5 Rc8 19. Nd6 Rca8 20. Nb5 Rc8 21. Nd6
{1/2 Miton,K (2620)-Doettling,F (2544)/Evry 2008/CBM 124 Extra}) 17... exd5 18.
Qxe7 Rc8 19. c6 Nf6 20. Qxc7 Rxc7 21. Rfb1 Rxc6 22. Rxb5 a4 23. Ne5 Rc3 24.
Rab1 h6 25. Rxb6 Rxb6 26. Rxb6 Rxa3 27. f5 Ne8 28. Rb8 Kf8 29. Rb7 Nd6 30. Rd7
Nb5 31. Rxd5 Rb3 32. Nc6 f6 33. Rd8+ Kf7 34. Rd7+ Kf8 35. Rd8+ Kf7 36. Rd7+ Kf8
37. Rd8+ {1/2 Rychagov,A (2528)-Azarov,S (2586)/Serpukhov 2007/EXT 2008}) (14.
Qc2 Bxd3 15. Qxd3 Ra7 $1 (15... Rfb8 16. Rfc1 Qb7 17. Kg2 g6 18. Qc2 b5 {
Letzten Endes entscheidet sich Schwarz für diese geschlossene Struktur, die
ihm so gut wie gar keine aktiven Möglichkeiten übrigläßt.} (18... Ra7 $5 19.
Ne5 Nxe5 20. fxe5 $11 {Dautov}) 19. Rcb1 axb4 20. axb4 Rxa1 21. Rxa1 Ra8 22.
Qb2 Ra6 23. Rxa6 Qxa6 24. Ne5 $1 $14 {1-0 Bareev,E (2702)-Vaganian,R (2623)/
New Delhi/Teheran 2000/CBM 081/[Dautov] (51)}) 16. Qc2 Rfa8 17. Qb2 Qb7 18.
Rfb1 axb4 19. axb4 bxc5 20. Rxa7 Rxa7 21. bxc5 Qxb2 22. Rxb2 Ra3 23. Rc2 Bf6
24. Ne5 Nxe5 25. fxe5 Bd8 26. Ne2 Bc7 27. Rb2 Ra7 28. g4 {1/2 Fier,A (2653)
-Khalifman,A (2612)/Khanty Mansiysk 2009/EXT 2010}) 14... Bf6 (14... Bxd3 15.
Qxd3 Ra7 16. Rac1 axb4 17. axb4 Bf6 18. h4 bxc5 19. bxc5 Rb8 $132 {1/2
Ivanchuk,V (2741)-Bruzon Batista,L (2668)/Havana CUB 2010/The Week in Chess
814 (34)}) 15. Bc2 $6 $146 {[%mdl 8] A dubious novelty as the black bishop now
becomes extremely strong. However, White hopes to outplay his opponent in the
resulting complex position.} (15. Ne5 $142 Bxd3 (15... Bxe5 $5 16. fxe5 Bxd3
17. Qxd3 Ra7 18. Reb1 b5 19. a4 axb4 20. Rxb4 f6 $1 21. exf6 Nxf6 22. Qe2 Re8
23. Re1 (23. f4 $142) 23... bxa4 24. Rxa4 Rxa4 25. Nxa4 Qa5 $132 {1/2
Krasenkow,M (2620)-Riazantsev,A (2634)/France 2009/CBM 129 Extra (32)}) 16.
Qxd3 Rfb8 $6 (16... b5 $1 $11) 17. Nxd7 $1 Qxd7 18. Na4 Bd8 19. f5 b5 20. Nb2
$1 Bf6 21. fxe6 fxe6 22. Qe3 Re8 23. Nd3 $14 {1-0 Pogorelov R (2401)-Bruzon L 
(2573)/Mondariz Balneario 2001//Inf 82/372[Pogorelov,R] (71)}) 15... Bc4 (15...
bxc5 $5 16. bxc5 Nxc5 17. Bxh7+ Kxh7 18. dxc5 Rab8 $132 {Black has swapped his
h-pawn for White's central pawn and stands well.}) 16. Qd2 Ra7 17. Ne5 axb4 18.
axb4 bxc5 19. bxc5 Nxe5 20. fxe5 Be7 21. Rab1 Rfa8 22. Rb4 Bd8 23. Ne4 Qe7 24.
Nc3 Ra3 $6 {Too aggressive.} (24... Ba5 $11 25. Rb2 f5 $5) 25. Reb1 g6 $6 {
Perhaps it was better for Black to admit his inaccuracy and bring his rook
back to the 7th rank:} (25... R3a7) 26. Ne4 $1 {[%cal Re4f6]} dxe4 {This pawn
will now be simply lost but} (26... Qf8 27. Nf6+ Bxf6 28. exf6 Bb5 29. Qf4 {
is quite unpleasant, too.}) 27. Rxc4 e3 $1 {Fortunately, Black obtains
counterplay against the white king.} 28. fxe3 Qg5 29. Bd3 (29. Bb3 Qg4 $132 {
[%cal Yd8g5]}) 29... h5 (29... Qh6 $142 $132 {[%cal Yd8g5]}) 30. Rcb4 $6 (30.
Qe2 $142 h4 31. Kg2 $14) 30... h4 31. Kg2 Kg7 $2 {Missing the last, really
study-like chance to escape:} (31... Ba5 $1 32. Rb8+ Rxb8 33. Rxb8+ Kg7 34. Qe2
hxg3 (34... Be1 $5 35. Qxe1 (35. g4 h3+ $1 36. Kf3 Bh4 {[%csl Rf3]}) 35... Rxd3
36. Qf2 Rxe3 37. Rb7 h3+ $1 38. Kg1 Kh6 39. Rxf7 Rd3 $1 $132) 35. hxg3 Be1 $1
36. Qxe1 Ra2+ $1 37. Kf1 $1 Qh6 38. Be2 Ra1 39. Qxa1 Qh1+ 40. Kf2 Qxa1 41. Rb6
Qa4 $11) 32. Rb7 Ra2 33. R1b2 Ba5 $6 (33... Rxb2 34. Rxb2 Ra3 35. Qe2 $16) 34.
Qf2 Rxb2 35. Rxb2 Ra7 36. Qf4 Bd8 37. Be4 $18 {White has consolidated his
position and should win easily.} h3+ $6 {Desperation.} 38. Kxh3 Qh5+ 39. Kg2
Qd1 40. Rf2 1-0

[Event "Sinquefield Cup 3rd"]
[Site "Saint Louis"]
[Date "2015.08.28"]
[Round "6"]
[White "Grischuk, Alexander"]
[Black "Caruana, Fabiano"]
[Result "1-0"]
[WhiteElo "2771"]
[BlackElo "2808"]
[Annotator "Krasenkow,M"]
[PlyCount "80"]
[EventDate "2015.08.23"]
[EventType "tourn"]
[EventRounds "9"]
[EventCountry "USA"]
[EventCategory "22"]
[SourceTitle "CBM 168"]
[Source "ChessBase"]
[SourceDate "2015.09.14"]
[SourceVersion "1"]
[SourceVersionDate "2015.09.14"]
[SourceQuality "1"]

1. d4 Nf6 2. c4 e6 3. Nf3 d5 4. Nc3 Be7 5. Bf4 O-O 6. e3 Nbd7 7. c5 Ne4 {
Not the most common move here but still seen in dozens of games and recently
gaining popularity. It was examined in detail in my annotations to
Topalov-Giri (CBM 151) but a number of games have been played and annotated
since then.} 8. a3 $146 {This new move is hardly dangerous for Black but at
least spoils his preparation.} (8. Nxe4 {- see Eljanov-Andreikin in CBM 167}) (
8. Rc1 {- Giri-Caruana, CBM 166}) (8. Qc2 f5 {- Sjugirov-Jojua, CBM 166} {
It is essential that} 9. Nb5 c6 10. Nc7 $2 {doesn't work due to} e5 $1 11. Ne6
Qa5+) 8... Nxc3 {An obvious exchange, after which 8.a3 is just a loss of a
tempo. However, White's b-pawn moves towards the centre, ready to undermine it
with c3-c4.} ({White's main idea is that after} 8... f5 9. Nb5 c6 10. Nc7 {
is quite possible as} e5 {doesn't work due to} 11. Ne6 Qa5+ 12. b4) ({Black
has a lot of other moves, which may be tested in future:} 8... b6) (8... c6 {
etc.}) 9. bxc3 c6 (9... b6 10. c6 Nb8 (10... Nf6 {is hardly good as White's c6
pawn can't be easily eliminated after, say,} 11. Bd3) 11. Qa4 Bd6 {deserves
attention, with mutual chances, e.g.} 12. Bg3 Bxg3 13. hxg3 Qd6 14. Bd3 h6 15.
g4 Nxc6 16. g5 $44) 10. Qa4 {Preventing 10...b6.} g5 $1 {White's queen has
moved to the queenside so Black starts counterplay on the kingside and in the
centre.} 11. Bg3 f5 12. h3 f4 13. Bh2 e5 $1 14. Be2 e4 15. Nd2 Nxc5 $1 {
[%mdl 512]} 16. dxc5 Bxc5 $44 {Black has sacrificed a piece to support his
pawn avalanche. However, the main drawback of his position is poor development
(Ra8 and Bc8).} 17. O-O $6 {This is risky but awkward moves like} (17. Bg1 {
are hardly promising.}) 17... b5 $2 (17... fxe3 18. Nxe4 dxe4 19. Qb3+ (19.
Qc4+ Qd5) 19... Kg7 20. Be5+ Kg6 {, and White's compensation for the material
advantage is under doubt. It is unclear what Alexander Grischuk had in mind in
that case.}) 18. Qb3 Qe7 (18... fxe3 19. Nxe4 $16) 19. Kh1 $16 {[%csl Rg8]
[%mdl 32] Black's king is weak so he has no sufficient compensation for the
piece.} Be6 (19... fxe3 20. fxe3 Be6 $1 (20... Bxe3 21. Rxf8+ Kxf8 (21... Qxf8
22. Nxe4) 22. Rf1+ Kg8 23. c4 $1 Bxd2 24. cxd5 $18 {->}) 21. a4 $16 {- below})
20. a4 (20. exf4 $5 gxf4 21. Qb2 {[%cal Yd2b3]}) 20... d4 (20... fxe3 21. fxe3
Bxe3 22. Rxf8+ Rxf8 23. Nf1 {[%cal Rf1e3,Ra4b5]} bxa4 (23... d4 24. Qd1 Bf2 25.
cxd4) 24. Qxa4 Bb6 25. Qxc6 Rc8 26. Qb5 Rxc3 27. Rd1 $16 {[%cal Ye2g4] Due to
the unsafe position of his king, Black can't make use of his central pawns.})
21. Qd1 (21. Qb2 d3 22. Bh5 {[%cal Rd2e4,Ra4b5] was even stronger.}) 21... d3
22. Bg4 Bd5 (22... Bxg4 23. Qxg4 fxe3 24. fxe3 Bxe3 25. Qxe4 Qxe4 26. Nxe4
Rxf1+ 27. Rxf1 bxa4 28. Rd1 a3 29. Rxd3 Rf8 30. Rd1 $18) 23. axb5 cxb5 24. Nb3
fxe3 (24... Bb6 25. Nd4) 25. Nxc5 Qxc5 {^^} 26. fxe3 Qxe3 27. Re1 ({Of course,
finding something like} 27. Bd6 Rf2 28. Bc8 $3 Rxc8 (28... Rxf1+ 29. Qxf1 Rxc8
30. Qf5) 29. Rxf2 Qxf2 30. Qg4 {is impossible over the board but the line
brilliantly demonstrates the strength of White's bishops.}) 27... Qf2 28. Bg1
Qf7 (28... Qf6 29. Bc5 $1) 29. Qd2 Qg6 (29... h6 30. Ra6 Kh7 {is hopeless
enough but the text move allows a nice finale.}) 30. Ra6 $1 Rf6 (30... Qxa6 31.
Qxg5+ Qg6 32. Qxd5+ Kg7 33. Bd4+ Kh6 34. Rxe4 $18) 31. Rea1 {It is a pity that
White misses} (31. Rxf6 Qxf6 32. Rf1 $1 ({or} 32. Rxe4 $1 Bxe4 33. Qa2+ Kf8 34.
Bc5+ Kg7 35. Bd4 $18) 32... Qxf1 {(to queen retreats White plays 33.Rf5)} 33.
Qxg5+ Kf8 34. Qxd5 Re8 35. Bh5 {with a decisive attack. The text move doesn't
spoil anything, though.}) 31... Re8 (31... h6 32. Rxa7 Rxa7 33. Rxa7 $18) 32.
Rxf6 Qxf6 33. Rxa7 h6 34. Be3 Qe5 35. Qe1 Bc4 36. Bd4 Qf4 37. Be3 Qe5 38. Bd4
Qf4 39. Rg7+ Kf8 40. Qa1 b4 (40... b4 41. cxb4 $18 {[%cal Rd4c5]}) 1-0